01461njm a2200265Ia 450000100060000000300090000600500170001500800410003204000130007304000130008604100130009910000230011210000180013510000370015324500820019025000110027226000110028326000630029430000170035750001820037450504460055665000530100270000860105570000540114121288IT-RoPAU20220918181150.0131025s9999 xx 000 0 und d aIT-RoPAU cIT-RoPAU aITALIANO aSequeri Pierangelo eAutore musica gCodice autore musica SPICS: 1236 aE mi sorprende-Per cantare quello che non potremmo dire e non sappiamo tacere a1a ed. aMILANO bRUSTY RECORDSc1982 [1a Ed.:1982 - Ed. Lingua Orig.: 1982] aMUSICASSETTA aMusica religiosa. Canti che cercano di esprimere il "Mistero". E’ disponibile anche lo spartito con la musica e i testi di tutte le canzoni. Codice Spics dello spartito 21304. aMadre, io vorrei (Canzone per Maria) - Io vedo la tua luce (Inno di Natale) - Ecco un nuovo giorno (Preghiera del Mattino) - Ed oggi ancora; alleluja (Acclamazione della Pasqua) - E mi sorprende, o Dio - Ecco l'uomo (Cantata della Passione) - Il mattino di Pasqua (Inno di Pasqua) - Con il mio canto (Mia forza e mio canto è il Signore) - Ora che il giorno finisce (Preghiera della sera) - Ora lasciateci cantare (Lauda della Risurrezione) aRELIGIOSO [CASSETTE]eCodice MATERIA SPICS: 9951 aSequeri PierangeloeAutore testo e musicagCodice autore testo/musica SPICS: 1236 aSequeri PierangelogCodice interprete SPICS: 1236